Pistas EMG/ASFALTO/TREINAMENTO - Statistics

Estatísticas Gerais
  • Esse quiz foi jogado 174 vezes
  • A pontuação média é 11 de 16
Estatísticas das Respostas
Hint Resposta % Correto
C Caiapó
96%
F Fazenda Ámalia
89%
A Araras
82%
A Araras
82%
L Leme
82%
L Leme
82%
S São João da Boa Vista
82%
J Jacuba
75%
S São José do Rio Pardo
75%
A Abengoa
68%
O Oriçanga
61%
R Retiro
61%
L Laranjal
57%
I Irmãos Ribeiro
46%
E Espírito Santo do Pinhal
36%
S SRP4
29%
Nenhum quiz correspondente encontrado
Distribuição das Pontuações
Porcentagem de Pessoas com Cada Pontuação
Percentil de Números Respondidos
Sua Pontuação Histórica
Você não jogou esse quiz